000 00988nam a22002777a 4500
001 9535
003 FISKH
005 20260123091531.0
008 260120b cb ||||| |||| 00| 0 eng d
020 _a9780710520289
040 _aFISKH
_beng
_cFISKH
_dFISKH
050 _aPZ7
082 _a153.9
100 _aPatience, John
_eAuthor
245 _aTeddies afloat :
_bEdward tall & Teddy small /
_cWritten and illustrated by John Patience
260 _aBridlington :
_bPeter Haddock Publishing ,
_c2009
300 _a14 unnumbered pages :
_bcolor illustrations ;
_c16 cm
505 _aC
520 _aEdward tall and Teddy small are two teddy bears who sit in the window of Mr Meadows's toy shop. When no-one is looking they magically come alive and have all kinds of fun and adventures.
521 8 _a100
_bLexile estimate
521 8 _aC
_bRaz-Plus
650 _aBoard book
_vTeddy bears
700 _aPatience, John
_eIllustrator
942 _2ddc
_cBK
_n0
999 _c9535
_d9535